000 00439nam a22001697a 4500
005 20160531095631.0
008 160531b xxu||||| |||| 00| 0 eng d
020 _a81-7649-965-X
041 _aeng
082 _b6250
100 _aHarris, God Frey
_91568
245 _aThe Hottest Ideas in word of Mouth Advertising
260 _aNew Delhi
_bVikas Publishing House (P) Ltd.
300 _a252
650 _aManagement
_9241
942 _cBK
999 _c2212
_d2211